| 000 | 00000nam 2200000za 4500 |
| 001 | 9.814228 |
| 003 | CaOODSP |
| 005 | 20241016110352 |
| 007 | cr ||||||||||| |
| 008 | 160404s1923 oncao|||o f|0| 0 fre d |
| 040 | |aCaOODSP|bfre |
| 043 | |an-cn--- |
| 086 | 1 |aA12-2/17-1923F-PDF |
| 100 | 1 |aMacoun, W. T. |q(William Tyrrell), |d1869-1933. |
| 245 | 10|aRoses rustiques et leur culture au Canada |h[ressource électronique] / |cpar W.T. Macoun et Isabella Preston. |
| 260 | |aOttawa : |bMinistère fédéral de l'agriculture : |bService de l'horticulture, Fermes expérimentales fédérales,|c1923. |
| 300 | |a32 p. : |bill. |
| 490 | 1 |aBulletin, Nouvelle série; |vno. 17 |
| 500 | |aTitre pris sur la couv. |
| 500 | |a« Traduit au Bureau de traduction du Ministère ». |
| 500 | |aPublié en anglais sous le titre : Hardy roses, their culture in Canada. |
| 500 | |aPublication historique numérisée par Agriculture et Agroalimentaire Canada. |
| 692 | 07|2gccst|aJardinage |
| 692 | 07|2gccst|aHorticulture |
| 700 | 1 |aPreston, Isabella. |
| 710 | 1 |aCanada. |bMinistère de l'agriculture. |
| 710 | 2 |aFermes et stations expérimentales fédérales (Canada) |
| 775 | 08|tHardy roses, their culture in Canada |w(CaOODSP)9.814224 |
| 830 | #0|aBulletin (Canada. Ministerè de l'agriculture) |vnº 17. |w(CaOODSP)9.812393 |
| 856 | 40|qPDF|s12.84 Mo|uhttps://publications.gc.ca/collections/collection_2016/aac-aafc/agrhist/A12-2-17-1923-fra.pdf |